| 000 | 00620nam a2200193 i 4500 | ||
|---|---|---|---|
| 001 | 99204 | ||
| 003 | ES-MaACL | ||
| 007 | t| | ||
| 008 | 050902s1984 sp ||||1| spa d | ||
| 020 | _a84-359-0093-2 | ||
| 100 | 1 |
_aMartín Duque, Ireneo. _977478 |
|
| 245 | 1 | 0 |
_aGéneros literarios _b: iniciación a los estudios de literatura / _cProf. Ireneo Martín Duque, Prof. Marino Fernández Cuesta. |
| 250 | _a[8ª ed.]. | ||
| 260 |
_aMadrid : _bPlayor, _c1984. |
||
| 300 |
_a205 p. ; _c21 cm. |
||
| 504 | _aBibliografía.- Indice. | ||
| 700 | 1 |
_aFernández Cuesta, Marino. _949613 |
|
| 852 |
_aES-MaACL _jL-9523 _bR.108851 |
||
| 999 |
_c99204 _d99204 |
||